Score 0/16 Timer 01:00
54 Plays Today
% Correct
Sheldon Cooper
93.5%
Dr. Gregory House
91.7%
Buffy Summers
90.7%
Roseanne Conner
89.1%
Walter White
89.1%
Tony Soprano
88.4%
Barney Stinson
87.5%
Dana Scully
86.3%
% Correct
George Costanza
85.9%
Jack Bauer
85%
Omar Little
81.1%
Michael Scott
80.5%
Don Draper
80%
Leslie Knope
79.6%
Liz Lemon
78.2%
Frank Underwood
74.2%
Remove Ads.
Support Sporcle.
Get the best of Sporcle when you Go Orange. This ad-free experience offers more features, more stats, and more fun while also helping to support Sporcle. Thank you for becoming a member.

You're not logged in!

Compare scores with friends on all Sporcle quizzes.
OR
Log In

Show Comments

Extras

Top Quizzes Today


Score Distribution

Your Account Isn't Verified!

In order to create a playlist on Sporcle, you need to verify the email address you used during registration. Go to your Sporcle Settings to finish the process.

Report this User

Report this user for behavior that violates our Community Guidelines.

Details: